[Event "Druzynowe Mistrzostwa Polski Juniorow - I Liga 2023"]
[Site "Lublin"]
[Date "1899-12-30"]
[Round "1.1"]
[White "Dziendziel, Mateusz"]
[Black "Gradalski, Olaf"]
[Result "0-1"]
[WhiteTitle "I++"]
[BlackTitle "k"]
[WhiteElo "2091"]
[BlackElo "2061"]

1. e4 c6 2. d4 d5 3. e5 c5 4. dxc5 e6 5. a3 Bxc5 6. Qg4 Ne7 7. Bd3 Nbc6 8. Nf3
Qc7 9. Qg3 Ng6 10. Bxg6 hxg6 11. Bf4 Bd7 12. O-O Ne7 13. Nbd2 Bb5 14. Rfc1 Nf5
15. Qg4 Be2 16. Bg3 Nd4 17. Kh1 Bxf3 18. Nxf3 Nxf3 19. Qxf3 Bd4 20. Qe2 Qc4 21.
Qxc4 dxc4 22. c3 Bc5 23. Re1 Kd7 24. Re4 b5 25. h3 Rhd8 26. Rf4 Ke8 27. a4 a6
28. Rh4 Kd7 29. Rf4 Ke8 30. Rh4 Ke7 31. Rh7 Rh8 32. Rxh8 Rxh8 33. axb5 axb5 34.
Ra5 Rb8 35. Kg1 Kd7 36. Kf1 Kc6 37. Ke2 b4 38. Ra2 bxc3 39. bxc3 Rb3 40. Rc2 g5
41. h4 gxh4 42. Bxh4 Kd5 43. Bg3 Bb6 44. f3 Ba5 45. Kd2 g5 46. f4 g4 47. Be1 Ke4
48. g3 Kf3 49. Kc1 Bb6 50. Rh2 Be3+ 51. Kc2 Rb7 52. Rh7 Ke2 53. Rh1 Rb6 54. Rh7
Kxe1 0-1

[Event "Druzynowe Mistrzostwa Polski Juniorow - I Liga 2023"]
[Site "Lublin"]
[Date "1899-12-30"]
[Round "1.2"]
[White "Sputowski, Jakub"]
[Black "Herwy, Jakub"]
[Result "0-1"]
[WhiteTitle "I"]
[BlackTitle "I++"]
[WhiteElo "1780"]
[BlackElo "1826"]

1. e4 d6 2. d4 Nf6 3. Nc3 c6 4. Nf3 Qa5 5. Bd3 e5 6. dxe5 dxe5 7. h3 Nbd7 8. O-O
b5 9. Bd2 Qc7 10. Ne2 a5 11. Ng3 Bc5 12. a4 b4 13. c3 O-O 14. cxb4 axb4 15. Rc1
Qb6 16. Bc4 Ba6 17. b3 Bd4 18. Qe2 c5 19. Be3 Bb7 20. Nd2 Bc6 21. Bxd4 exd4 22.
f4 Rae8 23. e5 Nd5 24. Nf5 Ba8 25. Ne4 Nc3 26. Rxc3 Bxe4 27. Nd6 Qxd6 28. Rg3
Nxe5 29. Bb5 Nc6 30. Qg4 Qf6 31. Rc1 Bf5 32. Qh5 g6 33. Bxc6 Re3 34. Bf3 d3 35.
Rxc5 Qd4 36. h4 Re1+ 0-1

[Event "Druzynowe Mistrzostwa Polski Juniorow - I Liga 2023"]
[Site "Lublin"]
[Date "1899-12-30"]
[Round "1.3"]
[White "Baran, Szymon"]
[Black "Liskiewicz, Jakub"]
[Result "1-0"]
[WhiteTitle "II+"]
[BlackTitle "I++"]
[WhiteElo "1343"]
[BlackElo "1970"]

1. e4 g6 2. d4 Bg7 3. Nc3 d6 4. f4 Nf6 5. Nf3 O-O 6. Be3 Na6 7. Qd2 d5 8. e5 Ne4
9. Nxe4 dxe4 10. Ng5 Bf5 11. Bc4 e6 12. O-O-O h6 13. Nh3 Bxh3 14. gxh3 c6 15.
Qg2 b5 16. Bb3 Nb4 17. f5 Nd5 18. Bxd5 Qxd5 19. fxg6 Qxa2 20. gxf7+ Rxf7 21. Qxe4
Qa1+ 22. Kd2 Qxb2 23. Rb1 Qa3 24. Rhg1 Raf8 25. Rg2 Rf1 26. Rxg7+ Kxg7 27. Qg2+
Kh8 28. Rxf1 Qb4+ 29. Kd1 Rd8 30. Qg6 Rxd4+ 31. Bxd4 Qxd4+ 32. Qd3 Qa1+ 33. Ke2
Qxe5+ 34. Kd1 Qc7 35. Rf6 Qg7 36. Qg6 Qd7+ 37. Kc1 Qe7 38. Qxh6+ Kg8 39. Rg6+
Kf7 40. Rg7+ 1-0

[Event "Druzynowe Mistrzostwa Polski Juniorow - I Liga 2023"]
[Site "Lublin"]
[Date "1899-12-30"]
[Round "1.4"]
[White "Przybylski, Jan"]
[Black "Figa, Karolina"]
[Result "1/2-1/2"]
[WhiteTitle "I+"]
[BlackTitle "I++"]
[WhiteElo "1767"]
[BlackElo "1391"]

1. e4 c6 2. d4 d5 3. Nc3 dxe4 4. Nxe4 Nf6 5. Nxf6+ exf6 6. Nf3 Bd6 7. Bd3 O-O 8.
O-O Re8 9. c4 Nd7 10. Qc2 Nf8 11. Be3 Bg4 12. Nd2 Qc7 13. h3 Bh5 14. Rfe1 Bg6
15. Nf3 Bf4 16. Qd2 Ne6 17. Bxg6 hxg6 18. g3 Bxe3 19. Qxe3 Qd7 20. Qc3 Nc7 21.
Kg2 Re6 22. Re3 Rae8 23. Rae1 R8e7 24. Qd3 Ne8 25. Rxe6 Rxe6 26. Rxe6 Qxe6 27.
d5 cxd5 28. cxd5 Qd6 29. Qe3 Kf8 30. Qxa7 Qxd5 31. b3 Nd6 32. Qd4 Qc6 33. a4 Ke7
34. Qe3+ Kd7 1/2-1/2

[Event "Druzynowe Mistrzostwa Polski Juniorow - I Liga 2023"]
[Site "Lublin"]
[Date "1899-12-30"]
[Round "1.5"]
[White "Obrochta, Lena"]
[Black "Mroz, Lena"]
[Result "1-0"]
[WhiteTitle "I++"]
[BlackTitle "I++"]
[WhiteElo "1639"]
[BlackElo "1691"]

1. e4 c5 2. Nf3 d6 3. d4 cxd4 4. Nxd4 Nf6 5. Nc3 a6 6. Bd3 e5 7. Nb3 Be7 8. O-O
O-O 9. a4 Be6 10. f4 exf4 11. Bxf4 Nc6 12. Kh1 Rc8 13. Qe1 Ne5 14. Nd2 Qb6 15.
Rb1 Qc5 16. Be3 Qc7 17. Nf3 Nxf3 18. Rxf3 Nd7 19. Qg3 Kh8 20. Rbf1 Ne5 21. Bd4
Rg8 22. Nd5 Bxd5 23. exd5 Nxf3 24. Rxf3 f6 25. Bxh7 Kxh7 26. Qh3+ Kg6 27. Qe6
Rh8 28. Rg3+ Kh7 29. Qf7 Bf8 30. Rh3# 1-0

[Event "Druzynowe Mistrzostwa Polski Juniorow - I Liga 2023"]
[Site "Lublin"]
[Date "1899-12-30"]
[Round "1.6"]
[White "Lajdamik, Kinga"]
[Black "Strzoda, Natalia"]
[Result "1-0"]
[WhiteTitle "I++"]
[BlackTitle "I"]
[WhiteElo "1440"]
[BlackElo "1294"]

1. e4 c5 2. Nf3 Nc6 3. Bb5 g6 4. O-O Bg7 5. Bxc6 bxc6 6. Re1 Nf6 7. e5 Nd5 8. c3
O-O 9. d4 cxd4 10. Qxd4 d6 11. Qh4 dxe5 12. Nxe5 Bxe5 13. Rxe5 Nb4 14. Nd2 Nd3
15. Re2 Ba6 16. c4 e6 17. Qh6 Nxc1 18. Rxc1 f5 19. Rxe6 Qd7 20. Ree1 Rfe8 21.
b3 Rxe1+ 22. Rxe1 Re8 23. Rxe8+ Qxe8 24. Qe3 Qd7 25. g3 c5 26. a3 Bb7 27. f3 Kf7
28. b4 cxb4 29. axb4 a6 30. Kf2 Qd6 31. c5 Qd7 32. Nc4 Kf8 33. Qe5 Kg8 34. Qd6
Qa4 35. Qb8+ Kg7 36. Qxb7+ Kh6 37. Qd5 Qxb4 38. Qd2+ 1-0

[Event "Druzynowe Mistrzostwa Polski Juniorow - I Liga 2023"]
[Site "Lublin"]
[Date "1899-12-30"]
[Round "1.7"]
[White "Klim, Filip"]
[Black "Kozlowski, Franciszek"]
[Result "1/2-1/2"]
[WhiteTitle "k"]
[BlackTitle "I+"]
[WhiteElo "1988"]
[BlackElo "1900"]

1. e4 c6 2. d4 d5 3. Nc3 dxe4 4. Nxe4 Bf5 5. Ng3 Bg6 6. h4 h6 7. Nf3 Nd7 8. h5
Bh7 9. Bd3 Bxd3 10. Qxd3 e6 11. Bd2 Ngf6 12. O-O-O Be7 13. Kb1 a5 14. Ne4 a4 15.
a3 Qb6 16. Nxf6+ Bxf6 17. Bb4 Qa6 18. c4 O-O-O 19. Qe2 Rhe8 20. Ne5 Nxe5 21. dxe5
Be7 22. Bd6 c5 23. Bxe7 Rxe7 24. Rxd8+ Kxd8 25. Rd1+ Rd7 26. Rxd7+ Kxd7 27. Qg4
Ke8 28. Qxg7 Qxc4 29. Qh8+ Ke7 30. Qf6+ Ke8 31. Qh8+ Ke7 32. Qxh6 Qd3+ 33. Kc1
Qf1+ 34. Kc2 Qxf2+ 35. Qd2 Qf5+ 1/2-1/2

[Event "Druzynowe Mistrzostwa Polski Juniorow - I Liga 2023"]
[Site "Lublin"]
[Date "1899-12-30"]
[Round "1.8"]
[White "Duda, Szymon"]
[Black "Bartodziej, Bartosz"]
[Result "1/2-1/2"]
[WhiteTitle "I+"]
[BlackTitle "I+"]
[WhiteElo "1928"]
[BlackElo "1836"]

1. d4 Nf6 2. c4 g6 3. Nf3 Bg7 4. g3 O-O 5. Bg2 c6 6. O-O d5 7. b3 a5 8. Nbd2 a4
9. b4 Ne4 10. e3 Bf5 11. Nxe4 Bxe4 12. c5 b6 13. cxb6 Qxb6 14. a3 Nd7 15. Qe2
Qb5 16. Qxb5 cxb5 17. Bb2 Nb6 18. Nd2 Bxg2 19. Kxg2 Nc4 20. Nxc4 dxc4 21. Rfd1
Rfd8 22. Kf3 Rd7 23. Ke2 Rad8 24. Bc3 f5 25. f4 Kf7 26. Rg1 h5 27. h4 Ke6 28.
Kf3 Kd5 29. Rge1 Rd6 30. Rad1 Re6 31. Rf1 Re4 32. Rfe1 Bf6 33. Rf1 Kc6 34. Rfe1
Rd5 35. Rf1 Re6 36. Rg1 Red6 37. Rc1 Rd8 38. Rgf1 R8d6 1/2-1/2

[Event "Druzynowe Mistrzostwa Polski Juniorow - I Liga 2023"]
[Site "Lublin"]
[Date "1899-12-30"]
[Round "1.9"]
[White "Nawalaniec, Adam"]
[Black "Lapczynski, Jacek"]
[Result "1/2-1/2"]
[WhiteTitle "I++"]
[BlackTitle "II"]
[WhiteElo "1926"]
[BlackElo "1222"]

1. e4 c5 2. Nf3 Nc6 3. d4 cxd4 4. Nxd4 g6 5. Be3 Bg7 6. Be2 Nf6 7. Nc3 a6 8. a4
O-O 9. O-O Qc7 10. Nb3 d6 11. a5 Be6 12. Nd5 Bxd5 13. exd5 Ne5 14. Bb6 Qc8 15.
c4 Ned7 16. Be3 Ne4 17. Rb1 Nec5 18. Nd2 Nf6 19. b4 Ncd7 20. Qb3 Rb8 21. Rfc1
Rd8 22. h3 Qc7 23. Bf4 b6 24. axb6 Nxb6 25. c5 Nbxd5 26. cxd6 Qd7 27. Rc7 Nxf4
28. Rxd7 Nxe2+ 29. Kf1 Rxd7 30. Kxe2 Rxd6 31. Nc4 Re6+ 32. Kf1 Nd5 33. Qg3 Rc8
34. Qd3 Rec6 35. Qxd5 Rxc4 36. Qb7 R4c6 37. Qxe7 Rb6 38. Qa7 Rcb8 39. Rd1 Rxb4
40. Qxa6 Rb1 41. Qd3 Rxd1+ 42. Qxd1 Ra8 43. Qd5 Rf8 44. g4 Re8 45. Qb5 Ra8 46.
Qc6 Rb8 47. Qe4 Rd8 48. Kg2 Rb8 49. h4 Rc8 50. g5 Rf8 51. Qd5 h6 52. h5 gxh5 53.
g6 Bf6 54. f4 Kg7 55. gxf7 h4 56. Qh5 Rxf7 57. f5 Bg5 58. Qg6+ Kf8 59. Kf3 Rf6
60. Qh7 Ke8 61. Kg4 Kf8 62. Qd7 Kg8 63. Qd3 Kg7 64. Kf3 Kf8 65. Ke4 Kf7 66. Ke5
Kf8 67. Qd8+ 1/2-1/2

[Event "Druzynowe Mistrzostwa Polski Juniorow - I Liga 2023"]
[Site "Lublin"]
[Date "1899-12-30"]
[Round "1.10"]
[White "Chmiel, Krzysztof"]
[Black "Klim, Juliusz"]
[Result "0-1"]
[WhiteTitle "II"]
[BlackTitle "I+"]
[WhiteElo "1298"]
[BlackElo "1708"]

1. e4 c5 2. Nf3 d6 3. d4 cxd4 4. Qxd4 e5 5. Qe3 Nf6 6. c4 Be7 7. Be2 O-O 8. O-O
h6 9. Nc3 Be6 10. h3 Nbd7 11. b3 a6 12. Rd1 Qc7 13. Nd5 Bxd5 14. exd5 Nh7 15.
Bb2 Qd8 16. Kh2 Qe8 17. g4 Bf6 18. Bd3 e4 19. Bxf6 Ndxf6 20. g5 hxg5 21. Nxg5
exd3 22. Nxh7 Kxh7 23. Qxd3+ Qe4 24. Qxe4+ Nxe4 25. Re1 Rae8 26. f3 Nc5 27. Rad1
Kg6 28. b4 Nd7 29. f4 Kf5 30. Kg3 Nf6 31. Kf3 Ne4 32. Re3 Rh8 33. Kg2 f6 34. Rf3
Rh4 35. Re1 Rc8 36. Rc1 Rxf4 37. Rxf4+ Kxf4 38. c5 dxc5 39. bxc5 Rxc5 40. Rb1
Rc2+ 41. Kh1 Kg3 42. Rg1+ Kxh3 43. Rxg7 Rc1+ 44. Rg1 Nf2# 0-1

[Event "Druzynowe Mistrzostwa Polski Juniorow - I Liga 2023"]
[Site "Lublin"]
[Date "1899-12-30"]
[Round "1.11"]
[White "Sprzeczka, Emilia"]
[Black "Slusarczyk, Anna"]
[Result "1-0"]
[WhiteTitle "I++"]
[BlackTitle "I++"]
[WhiteElo "1769"]
[BlackElo "1735"]

1. e4 d6 2. d4 Nf6 3. Nc3 g6 4. Bg5 Bg7 5. e5 dxe5 6. dxe5 Qxd1+ 7. Rxd1 Nfd7 8.
Nd5 Bxe5 9. Nf3 e6 10. Nxe5 exd5 11. Rxd5 O-O 12. Nxd7 Bxd7 13. f3 Be6 14. Rd1
Nd7 15. Kf2 f6 16. Bf4 g5 17. Be3 Kg7 18. h4 g4 19. Bc4 Bf5 20. Bd5 Ne5 21. Rd2
c6 22. Bb3 h5 23. Rhd1 Rfe8 24. Rd4 Re7 25. Rf4 Be6 26. Bc5 Ree8 27. Ra4 Bxb3
28. axb3 b6 29. Be3 c5 30. Bf4 Ng6 31. fxg4 b5 32. Rd7+ Kh8 33. gxh5 Nf8 34. Raxa7
Nxd7 35. Rxd7 Rad8 36. Rb7 b4 37. Rc7 Rc8 38. Rf7 Rf8 39. Rb7 Rfe8 40. g4 Rcd8
41. Rb6 Kg7 42. g5 fxg5 43. hxg5 Rd7 44. Rc6 Rd5 45. Kg3 Rf5 46. h6+ Kg8 47. g6
Ref8 48. g7 Re8 49. Kg4 Rd5 50. Rf6 Rd1 51. Kf5 Rg1 52. Bg5 Rh1 53. Kg6 Rh2 54.
h7+ 1-0

[Event "Druzynowe Mistrzostwa Polski Juniorow - I Liga 2023"]
[Site "Lublin"]
[Date "1899-12-30"]
[Round "1.12"]
[White "Slusarczyk, Agnieszka"]
[Black "Izafatava, Kira"]
[Result "0-1"]
[WhiteTitle "I"]
[BlackTitle "I"]
[WhiteElo "1400"]
[BlackElo "1423"]

1. d4 d5 2. Nf3 Nf6 3. c4 e6 4. g3 a6 5. Qc2 dxc4 6. Qxc4 b5 7. Qc2 Bb7 8. Bg2
Nc6 9. O-O Be7 10. Rd1 Nb4 11. Qb3 Bd5 12. Qc3 Ne4 13. Qe3 Nc2 14. Qf4 Nxa1 15.
Qg4 h5 16. Qf4 O-O 17. Nbd2 Bg5 18. Nxg5 Nxg5 19. e4 Bb7 20. h4 Nh7 21. Nf3 Nc2
22. Rd2 Nb4 23. a3 Na2 24. Rc2 Nxc1 25. Rxc1 Rc8 26. b4 Nf6 27. e5 Nd5 28. Qd2
Qe7 29. Ng5 a5 30. Qd3 g6 31. Bf3 axb4 32. Bxh5 bxa3 33. Bg4 Kg7 34. f4 b4 35.
h5 Nc3 36. hxg6 fxg6 37. Nxe6+ Kh7 38. Nxf8+ Rxf8 39. Qd2 c5 40. Qh2+ Kg7 41.
Qf2 Rh8 42. Bf3 cxd4 43. Qg2 Bxf3 44. Qxf3 a2 45. Re1 Nb1 46. Qb3 Qb7 47. Kf2
Rh2+ 48. Kf1 Qh1# 0-1

[Event "Druzynowe Mistrzostwa Polski Juniorow - I Liga 2023"]
[Site "Lublin"]
[Date "1899-12-30"]
[Round "1.13"]
[White "Wnek, Filip"]
[Black "Kaliszuk, Kamil"]
[Result "1-0"]
[WhiteTitle "I++"]
[BlackTitle "k"]
[WhiteElo "2057"]
[BlackElo "2249"]

1. e4 e5 2. Nf3 Nc6 3. Bb5 a6 4. Ba4 Nf6 5. d3 b5 6. Bb3 Bc5 7. O-O d6 8. h3 Ba7
9. c3 Na5 10. Bc2 c5 11. Re1 h6 12. Nbd2 O-O 13. Nf1 Nc6 14. Ng3 d5 15. exd5 Qxd5
16. Bb3 Qd6 17. Nh4 Rd8 18. Qf3 Nd5 19. Ngf5 Bxf5 20. Nxf5 Qe6 21. Qg4 g5 22.
h4 Qg6 23. hxg5 hxg5 24. Bxg5 c4 25. dxc4 Nf4 26. Bc2 Bxf2+ 27. Kf1 Kh8 28. Nd4
Qg7 29. Kxf2 Nxd4 30. Rh1+ Kg8 31. Bf6 Nh3+ 32. Rxh3 1-0

[Event "Druzynowe Mistrzostwa Polski Juniorow - I Liga 2023"]
[Site "Lublin"]
[Date "1899-12-30"]
[Round "1.14"]
[White "Czernecki, Andrzej"]
[Black "Rainer, Piotr"]
[Result "1-0"]
[WhiteTitle "I"]
[BlackTitle "I"]
[WhiteElo "1796"]
[BlackElo "1727"]

1. e4 c5 2. Nf3 Nc6 3. Bb5 e5 4. c3 Nge7 5. O-O g6 6. d3 Bg7 7. Bg5 Qb6 8. Na3
O-O 9. Bxc6 Nxc6 10. Nc4 Qc7 11. a4 d6 12. Qd2 Be6 13. Bh6 f5 14. Bxg7 Kxg7 15.
Ng5 Bg8 16. Ne3 h6 17. Nd5 Qd7 18. Nh3 Be6 19. f3 fxe4 20. dxe4 Bxh3 21. gxh3
Qxh3 22. Qg2 Qd7 23. Kh1 Ne7 24. Rg1 g5 25. Rad1 Nxd5 26. Rxd5 Rf6 27. Rgd1 Raf8
28. Rxe5 Rxf3 29. Red5 Qxa4 30. b4 cxb4 31. Rxg5+ hxg5 32. Qxg5+ Kf7 33. Qd5+
Ke8 34. Qe6+ Kd8 35. Rxd6+ Kc7 36. Qe7+ Kc8 37. Qe6+ Kb8 38. Qe5 Qa1+ 39. Rd1+
Ka8 40. Rxa1 1-0

[Event "Druzynowe Mistrzostwa Polski Juniorow - I Liga 2023"]
[Site "Lublin"]
[Date "1899-12-30"]
[Round "1.15"]
[White "Micula, Jakub"]
[Black "Witczak, Borys"]
[Result "0-1"]
[WhiteTitle "I"]
[BlackTitle "I"]
[WhiteElo "1666"]
[BlackElo "1856"]

1. d4 Nf6 2. c4 g6 3. Nc3 Bg7 4. e4 d6 5. h3 O-O 6. Be3 c5 7. Nf3 cxd4 8. Nxd4
Na6 9. Be2 Bd7 10. O-O Rc8 11. f3 Nc5 12. b4 Ne6 13. Qd2 Nh5 14. Rfd1 Ng3 15.
Rac1 Nxe2+ 16. Ncxe2 f5 17. Nb3 fxe4 18. fxe4 Bc6 19. Qd3 b6 20. c5 bxc5 21. bxc5
Qd7 22. Na5 Bb5 23. Qd2 Bxe2 24. Qxe2 Qa4 25. Qc4 Nxc5 26. Bxc5+ Qxc4 27. Rxc4
Rxc5 28. Rxc5 dxc5 29. Rd7 Bd4+ 30. Kh2 Rf2 31. Nc6 e5 32. Rxa7 Re2 33. Ne7+ Kf7
34. Nc8+ Ke6 35. Re7+ Kf6 36. Rxh7 c4 37. Rc7 c3 38. Rc6+ Kg5 39. Kg3 c2 40. Nd6
Re3+ 41. Kh2 Rc3 42. Nf7+ Kf4 43. Rf6+ Kxe4 0-1

[Event "Druzynowe Mistrzostwa Polski Juniorow - I Liga 2023"]
[Site "Lublin"]
[Date "1899-12-30"]
[Round "1.16"]
[White "Rajbharath, Harjith"]
[Black "Kozak, Karol"]
[Result "1/2-1/2"]
[WhiteTitle "II"]
[BlackTitle "I"]
[WhiteElo "1449"]
[BlackElo "1492"]

1. d4 Nf6 2. Nf3 c5 3. d5 e6 4. c4 exd5 5. cxd5 d6 6. Nc3 g6 7. e4 Bg4 8. Be2 Bg7
9. O-O Bxf3 10. Bxf3 O-O 11. Bf4 a6 12. a4 Qe7 13. Qb3 Qc7 14. a5 Nbd7 15. Be2
Rfe8 16. f3 Nh5 17. Bd2 Rac8 18. Qc2 Nhf6 19. b3 Ne5 20. f4 Ned7 21. Ra4 Nf8 22.
Bf3 Rb8 23. e5 N6d7 24. exd6 Qxd6 25. Ne4 Qe7 26. g3 Nf6 27. d6 Qd8 28. Nxf6+
Qxf6 29. Qxc5 Ne6 30. Qd5 Red8 31. Rc4 Nd4 32. d7 Nxf3+ 33. Rxf3 Qe6 34. Qxe6
fxe6 35. Rd3 Kf7 36. Be3 Bf6 37. Bb6 Rg8 38. g4 Bd8 39. Bc7 Bxc7 40. Rxc7 Rgd8
41. Kf2 Ke7 42. Ke3 b6 43. axb6 Rxb6 44. Ra7 a5 45. Rxa5 Rxd7 46. Rxd7+ Kxd7 47.
Ra7+ Kd6 48. Rxh7 Rxb3+ 49. Kf2 Kd5 50. Rg7 Ke4 51. Rxg6 Kxf4 52. Rxe6 Kxg4 1/2-1/2

[Event "Druzynowe Mistrzostwa Polski Juniorow - I Liga 2023"]
[Site "Lublin"]
[Date "1899-12-30"]
[Round "1.17"]
[White "Gaczol, Julia"]
[Black "Biliak, Viktoria"]
[Result "0-1"]
[WhiteTitle "I+"]
[BlackTitle "II"]
[WhiteElo "1388"]
[BlackElo "1612"]

1. e4 e6 2. d4 d5 3. Nd2 Nf6 4. e5 Nfd7 5. Bd3 c5 6. c3 Nc6 7. Ne2 cxd4 8. cxd4
a6 9. O-O Be7 10. a3 b5 11. Nb3 Qb6 12. Be3 Bb7 13. Rc1 O-O 14. Kh1 Rac8 15. Ng3
f5 16. Nh5 Rf7 17. h3 b4 18. a4 Na5 19. Nxa5 Qxa5 20. Kh2 Rxc1 21. Bxc1 Qb6 22.
Bc2 a5 23. b3 Rf8 24. g4 g6 25. Nf4 g5 26. Nh5 f4 27. h4 Rf7 28. f3 Nf8 29. Kg2
Ng6 30. hxg5 Bxg5 31. Bd3 Kf8 32. Bb2 Ba6 33. Qe2 Bxd3 34. Qxd3 Rc7 35. Rf2 Qc6
36. Kf1 Bh4 37. Rd2 Qb7 38. Ke2 Bd8 39. Kd1 Kf7 40. Ke2 Rc6 41. Kd1 Bh4 42. Rh2
Qa6 43. Nxf4 Qxd3+ 44. Nxd3 Kg7 45. Rc2 Rxc2 46. Kxc2 Bd8 47. Kd2 Bg5+ 48. Kd1
Nh4 49. Ke2 Ng6 50. Kf2 Nf4 51. Nc5 Be7 52. Kf1 Bxc5 53. dxc5 Kf7 54. c6 Ke7 55.
Bd4 Nd3 56. Bb6 Nxe5 57. c7 Kd7 58. Bxa5 Nxf3 59. Bxb4 Kxc7 60. Ba5+ Kb7 61. Kf2
Nd4 62. b4 Nc6 63. Ke3 Nxa5 64. bxa5 e5 0-1

[Event "Druzynowe Mistrzostwa Polski Juniorow - I Liga 2023"]
[Site "Lublin"]
[Date "1899-12-30"]
[Round "1.18"]
[White "Kaminska, Zuzanna"]
[Black "Nowak, Emilia"]
[Result "1-0"]
[WhiteTitle "I"]
[BlackTitle "I"]
[WhiteElo "1312"]
[BlackElo "1307"]

1. e4 e5 2. Nf3 Nc6 3. Bc4 Nf6 4. d3 Bc5 5. c3 d6 6. O-O a6 7. Bb3 Ba7 8. Re1 h6
9. Nbd2 Bg4 10. Nf1 O-O 11. h3 Be6 12. Ng3 Qd7 13. Nh4 Kh7 14. Nhf5 Ne7 15. Ne3
Ng6 16. Nc2 c5 17. Be3 d5 18. exd5 Nxd5 19. Ne4 Rac8 20. c4 Nde7 21. Nc3 Rfd8
22. Qf3 b6 23. Rad1 f6 24. Ba4 Qc7 25. Qe2 Bd7 26. Bxd7 Rxd7 27. b4 b5 28. cxb5
cxb4 29. Bxa7 Qxc3 30. b6 Qxc2 31. Qg4 Rd4 32. Qf3 Rf4 33. Qe2 Qc6 34. g3 Rf5
35. Qe4 Qd7 36. b7 Rd8 37. b8=Q Rxb8 38. Bxb8 Nc6 39. Bd6 Nd4 40. Bxb4 Nf3+ 41.
Kg2 Nxe1+ 42. Rxe1 Rh5 43. h4 Qe6 44. Qc4 Qd7 45. Qxa6 Qd4 46. Qc4 Qd7 47. Ra1
Rf5 48. a4 e4 49. Qxe4 Re5 50. Qc4 Qb7+ 51. Kg1 Rd5 52. a5 Rb5 53. a6 Qb6 54.
Bc3 1-0

[Event "Druzynowe Mistrzostwa Polski Juniorow - I Liga 2023"]
[Site "Lublin"]
[Date "1899-12-30"]
[Round "1.19"]
[White "Jedraszek, Pawel"]
[Black "Stypka, Sebastian"]
[Result "1-0"]
[WhiteTitle "I++"]
[BlackTitle "II"]
[WhiteElo "2057"]
[BlackElo "1447"]

1. e4 e5 2. Nf3 Nf6 3. Nxe5 d6 4. Nf3 Nxe4 5. Nc3 Nxc3 6. dxc3 Be7 7. Be3 Be6 8.
Nd4 Bf6 9. Qf3 Nd7 10. O-O-O Qc8 11. Nxe6 fxe6 12. Qe4 Ne5 13. g4 O-O 14. g5 d5
15. Qf4 Ng6 16. Qg4 Be5 17. h4 Nf4 18. Bh3 Nxh3 19. Rxh3 Bd6 20. Rhh1 c6 21. c4
Bc7 22. Rhe1 Rf5 23. h5 Qf8 24. Kb1 a6 25. cxd5 exd5 26. Bc5 Rf4 27. Qe6+ Qf7
28. g6 Qxe6 29. Rxe6 hxg6 30. hxg6 Rf6 31. Rde1 Rxe6 32. Rxe6 Rc8 33. Re7 b6 34.
Bd4 c5 35. Rxg7+ Kf8 36. Rf7+ Kg8 37. Rg7+ Kf8 38. Rh7 Re8 39. Rh8+ 1-0

[Event "Druzynowe Mistrzostwa Polski Juniorow - I Liga 2023"]
[Site "Lublin"]
[Date "1899-12-30"]
[Round "1.20"]
[White "Walaszczyk, Mikolaj"]
[Black "Ugorek, Kacper"]
[Result "0-1"]
[WhiteTitle "II"]
[BlackTitle "I"]
[WhiteElo "1476"]
[BlackElo "1846"]

1. d4 Nf6 2. Nf3 g6 3. g3 Bg7 4. Bg2 O-O 5. O-O d6 6. c4 Nc6 7. Nc3 a6 8. e4 Bg4
9. h3 Bxf3 10. Bxf3 e5 11. Be3 exd4 12. Bxd4 Nxd4 13. Qxd4 Re8 14. e5 Nd7 15.
Bxb7 Rb8 16. Bxa6 Nxe5 17. Qe4 Rxb2 18. Rfe1 Qa8 19. Bb5 Nf3+ 20. Qxf3 Rxe1+ 21.
Rxe1 Qxf3 22. Ne4 Bd4 23. Bc6 Bxf2+ 24. Nxf2 Qxf2+ 25. Kh1 Qh2# 0-1

[Event "Druzynowe Mistrzostwa Polski Juniorow - I Liga 2023"]
[Site "Lublin"]
[Date "1899-12-30"]
[Round "1.21"]
[White "Dobosiewicz, Dawid"]
[Black "Zmarzly, Wiktor"]
[Result "1-0"]
[WhiteTitle "I+"]
[BlackTitle "I+"]
[WhiteElo "1808"]
[BlackElo "1818"]

1. c4 c5 2. g3 Nc6 3. Bg2 g6 4. Nc3 Bg7 5. a3 d6 6. e3 a5 7. Nge2 e5 8. Nd5 Nge7
9. Nec3 O-O 10. d3 Nxd5 11. Nxd5 Be6 12. O-O f5 13. Rb1 Rb8 14. Bd2 Kh8 15. f4
Qd7 16. Qa4 Qf7 17. Nb6 exf4 18. gxf4 Qc7 19. Nd5 Qf7 20. Qb5 g5 21. Bc3 gxf4
22. Bxg7+ Qxg7 23. Nxf4 Bd7 24. Qb6 Rg8 25. Kh1 Qh6 26. Bd5 Ne5 27. Rbe1 Bc6 28.
Qxa5 Rg7 29. Re2 Rbg8 30. Qc3 Bxd5+ 31. cxd5 Qh4 32. Qe1 Qe7 33. Ne6 Rg6 34. d4
cxd4 35. exd4 Rxe6 36. dxe6 Qxe6 37. Rxe5 dxe5 38. Qxe5+ Qxe5 39. dxe5 Rf8 40.
Kg2 Kg7 41. Rd1 Rf7 42. Kf3 f4 43. e6 Re7 44. Rd7 Kf6 45. Rxe7 Kxe7 46. Kxf4 Kxe6
47. Ke4 Kf6 48. a4 Kg5 49. a5 Kg4 50. b4 Kh3 51. b5 h5 52. a6 bxa6 53. bxa6 Kxh2
54. a7 h4 55. a8=Q h3 56. Kf3 Kg1 57. Qa1+ Kh2 58. Qe5+ Kg1 59. Qg3+ 1-0

[Event "Druzynowe Mistrzostwa Polski Juniorow - I Liga 2023"]
[Site "Lublin"]
[Date "1899-12-30"]
[Round "1.22"]
[White "Staniczek, Kacper"]
[Black "Goralski, Mateusz"]
[Result "1/2-1/2"]
[WhiteTitle "I"]
[BlackTitle "II"]
[WhiteElo "1398"]
[BlackElo "1353"]

1. e4 c5 2. Nf3 d6 3. d4 cxd4 4. Nxd4 Nf6 5. Nc3 a6 6. Be2 e5 7. Nb3 Be6 8. O-O
Nbd7 9. f4 Qc7 10. f5 Bc4 11. Be3 b5 12. a3 Be7 13. Nd2 Bxe2 14. Qxe2 Rc8 15.
Rfd1 h6 16. Bf2 O-O 17. Nf1 Nb6 18. Ne3 Qc6 19. Qd3 Rfe8 20. Rac1 a5 21. Ncd5
Nbxd5 22. Nxd5 Nxd5 23. Qxd5 Bg5 24. Rb1 Qxd5 25. Rxd5 Rxc2 26. Rxb5 Rec8 27.
h4 Bf6 28. b4 Ra2 29. bxa5 Rcc2 30. a6 Rxf2 31. a7 Rxg2+ 32. Kh1 Rh2+ 33. Kg1
Rag2+ 34. Kf1 Rf2+ 35. Kg1 Rfg2+ 1/2-1/2

[Event "Druzynowe Mistrzostwa Polski Juniorow - I Liga 2023"]
[Site "Lublin"]
[Date "1899-12-30"]
[Round "1.23"]
[White "Barwinska, Ewa"]
[Black "Lach, Alicja"]
[Result "1-0"]
[WhiteTitle "WCM"]
[BlackTitle "I"]
[WhiteElo "1953"]
[BlackElo "1164"]

1. e4 c5 2. Nf3 Nc6 3. d4 cxd4 4. Nxd4 g6 5. c4 Bg7 6. Be3 Nf6 7. Nc3 O-O 8. Be2
d6 9. O-O Bd7 10. Qd2 Nxd4 11. Bxd4 Bc6 12. f3 Nd7 13. Be3 a5 14. b3 Nc5 15. Rab1
Qc7 16. Rfc1 Qd8 17. Rc2 b6 18. Bf1 Rb8 19. a3 a4 20. b4 Nb3 21. Qf2 Bxc3 22.
Rxc3 Qc7 23. Bd3 Bb5 24. Qb2 Rfc8 25. Rxb3 axb3 26. cxb5 Qa7 27. Bh6 f6 28. Qxb3+
Kh8 29. Bc4 Qc7 30. Be6 Re8 31. h4 Ra8 32. h5 g5 33. Bxg5 Kg7 34. h6+ Kh8 35.
Bf5 Rf8 36. Bf4 Qa7 37. Ra1 Qb7 38. a4 Qc7 39. Be6 Qd8 40. Qe3 Qb8 41. Qf2 Rg8
42. Bxg8 Qxg8 43. Qxb6 Qc4 44. a5 Qxb4 45. a6 Rg8 46. Rf1 Qb2 47. Rf2 Qa1+ 48.
Kh2 Qa4 49. a7 d5 50. Qa6 1-0

[Event "Druzynowe Mistrzostwa Polski Juniorow - I Liga 2023"]
[Site "Lublin"]
[Date "1899-12-30"]
[Round "1.24"]
[White "Moczala, Maja"]
[Black "Skorupa, Antonina"]
[Result "1-0"]
[WhiteTitle "I++"]
[BlackTitle "I"]
[WhiteElo "1651"]
[BlackElo "1203"]

1. e4 c6 2. d4 d5 3. exd5 cxd5 4. Bd3 Nc6 5. c3 Nf6 6. Bf4 Qb6 7. Qc2 Bg4 8. h3
Bh5 9. Ne2 e6 10. O-O Be7 11. Ng3 Bg6 12. Bxg6 hxg6 13. Nd2 O-O 14. Nf3 Rac8 15.
Qe2 Ne4 16. Nxe4 dxe4 17. Ne5 Nxe5 18. Bxe5 f5 19. Rab1 Bd6 20. Bxd6 Qxd6 21.
Rfd1 Qd5 22. Rbc1 Qxa2 23. Ra1 Qb3 24. Rxa7 f4 25. Ra3 Qb6 26. Qxe4 Qxb2 27. Qxe6+
Kh7 28. Qb3 Qe2 29. Ra2 Rxc3 30. Rxe2 Rxb3 31. d5 Rc3 32. d6 Rcc8 33. d7 Rcd8
34. Rb2 f3 35. g3 Rb8 36. Rdb1 Rf6 37. Rxb7 Rxb7 38. Rxb7 Rd6 39. g4 Kh6 40. Kh2
Rd3 41. Kg3 g5 42. Rb6+ Kh7 43. Rb5 Kh6 44. Rb6+ Kh7 45. Rb7 Kh6 46. Ra7 Kg6 47.
h4 gxh4+ 48. Kxh4 Kf6 49. g5+ Kf5 50. d8=Q Rxd8 51. Rxg7 Rd2 52. Rf7+ Ke4 53.
Kg3 Rd1 54. Rf4+ Ke5 55. Rxf3 Rg1+ 56. Kh4 Rh1+ 57. Kg4 Rg1+ 58. Kh5 Ke4 59. Rf8
Ke5 60. f4+ Ke6 61. Kg6 Ke7 62. Rf7+ Ke8 63. Rf6 Ke7 64. f5 Rh1 65. Ra6 Rf1 66.
f6+ Ke8 67. f7+ Kf8 68. Ra8+ Ke7 69. Re8+ Kd7 70. f8=Q 1-0

[Event "Druzynowe Mistrzostwa Polski Juniorow - I Liga 2023"]
[Site "Lublin"]
[Date "1899-12-30"]
[Round "1.25"]
[White "Borowik, Wojciech"]
[Black "Wydmanski, Szymon"]
[Result "0-1"]
[WhiteTitle "I++"]
[BlackTitle "I"]
[WhiteElo "1823"]
[BlackElo "1804"]

1. d4 Nf6 2. c4 c5 3. d5 e6 4. Nc3 exd5 5. cxd5 d6 6. e4 g6 7. Bd3 Bg7 8. h3 O-O
9. Nf3 Re8 10. O-O c4 11. Bc2 a6 12. a4 Nbd7 13. Re1 Rb8 14. Nd4 Nc5 15. f4 Nfxe4
16. Rxe4 Nxe4 17. Nxe4 f5 18. Nf2 Qa5 19. Nf3 b5 20. Qf1 Qc7 21. axb5 axb5 22.
Qd1 Qc5 23. g4 fxg4 24. hxg4 Bb7 25. f5 Bxd5 26. Ra3 Bb7 27. fxg6 b4 28. gxh7+
Kh8 29. Ng5 Rf8 30. Be3 Qe5 31. Ra4 Qxe3 32. Ngh3 Qg3+ 33. Kf1 Qxh3+ 34. Ke1 Rbe8+
35. Be4 Qe3+ 36. Qe2 Qc1+ 37. Qd1 Rxe4+ 38. Nxe4 Rf1+ 39. Kxf1 Qxd1+ 0-1